000 00863nam a22002417a 4500
999 _c5674
_d5674
003 AR-CdUCM
008 190313b ||||| |||| 00| 0 spa d
040 _aMUNICIPALIDAD PROVINCIAL DEL CUSCO
_cBIBLIOTECA MUNICIPAL DEL CUSCO
082 _a869.708 /
_bP598
100 _aPicón Salas, Mariano
_97926
245 _aLos días de Cipriano Castro /
260 _aLima :
_bValverde,
_c1958
300 _a255 páginas ;
_c17 cm.
440 _aPrimer festival del libro popular venezolano.
_n5
_916915
505 _aContenido: -- primavera de don Cipriano -- Los sesenta -- Caracas -- Nuevos procedimientos...
650 _aVenezuela
_92312
650 _aCipriano Castro
_916916
650 _aBiografias Historicas
_96252
700 _aScorza, Manuel (Director)
_916917
700 _aLiscano, Juan (Seleccionador)
_916918
942 _2ddc
_cLIBROS
945 _aJavier